00465nam a2200145Ia 4500008004100000041000800041082001800049100002300067245003000090260003400120300000800154650002700162999001900189952011100208210716s1996 xx 000 0 und d aeng a382.9143 WATP awaterhouse, Price. aDoing business in Malawi. aU S AbPrice waterhousec1996 a124 aInternational Business c199054d199054 001040708MBAaAIMITbAIMITd2005-04-25l0o382.9143 WATPpMBA01619r2026-05-23 00:00:00w2021-07-16yBK